Frankenstein (Record no. 62660)
[ view plain ]
| 000 -LEADER | |
|---|---|
| fixed length control field | 01659nam a2200265Ii 4500 |
| 008 - FIXED-LENGTH DATA ELEMENTS--GENERAL INFORMATION | |
| fixed length control field | 221202s xx 000 0 und d |
| 245 #0 - TITLE STATEMENT | |
| Title | Frankenstein |
| 246 ## - VARYING FORM OF TITLE | |
| Title proper/short title | A New Edition for Scientists and Engineers |
| 264 #1 - PRODUCTION, PUBLICATION, DISTRIBUTION, MANUFACTURE, AND COPYRIGHT NOTICE | |
| Place of production, publication, distribution, manufacture | Cambridge, Massachusetts |
| Name of producer, publisher, distributor, manufacturer | The MIT Press |
| Date of production, publication, distribution, manufacture, or copyright notice | 2017 |
| 300 ## - PHYSICAL DESCRIPTION | |
| Extent | 1 online resource |
| 336 ## - CONTENT TYPE | |
| Content type term | text |
| Content type code | txt |
| Source | rdacontent |
| 337 ## - MEDIA TYPE | |
| Media type term | computer |
| Media type code | c |
| Source | rdamedia |
| 338 ## - CARRIER TYPE | |
| Carrier type term | online resource |
| Carrier type code | cr |
| Source | rdacarrier |
| 520 ## - SUMMARY, ETC. | |
| Summary, etc. | This new critical edition of Mary Shelley’s Frankenstein was developed by leading scholars for aspiring scientists, engineers, and medical professionals. This unique framing will make this a core text in promoting and enhancing interdisciplinary dialogue on the nature, roles, and responsibilities of scientists and engineers in society. To be published in time for the 2018 bicentennial of its original publication, this edition will be produced in print and as an enhanced e-book. The e-book will contain the full text of the novel (in the public domain) plus all of the substantial scholarly material that was commissioned and developed for this new edition, including essays by leading scholars, and will be most valuable to students and teachers of ethics. Digital features will include include reader annotation, bookmarking, and multimedia content. |
| 653 ## - INDEX TERM--UNCONTROLLED | |
| Uncontrolled term | Clerval |
| 653 ## - INDEX TERM--UNCONTROLLED | |
| Uncontrolled term | Doubs |
| 653 ## - INDEX TERM--UNCONTROLLED | |
| Uncontrolled term | Frankenstein |
| 653 ## - INDEX TERM--UNCONTROLLED | |
| Uncontrolled term | Geneva |
| 653 ## - INDEX TERM--UNCONTROLLED | |
| Uncontrolled term | Literature |
| 700 1# - ADDED ENTRY--PERSONAL NAME | |
| Personal name | Finn, Ed |
| 700 1# - ADDED ENTRY--PERSONAL NAME | |
| Personal name | Guston, David |
| 700 1# - ADDED ENTRY--PERSONAL NAME | |
| Personal name | Robert, Jason Scott |
| 856 ## - ELECTRONIC LOCATION AND ACCESS | |
| Uniform Resource Identifier | <a href="https://library.oapen.org/bitstream/20.500.12657/31387/1/628778.pdfhttp://library.oapen.org/handle/20.500.12657/31387">https://library.oapen.org/bitstream/20.500.12657/31387/1/628778.pdfhttp://library.oapen.org/handle/20.500.12657/31387</a> |
| 942 ## - ADDED ENTRY ELEMENTS (KOHA) | |
| Koha item type | E-Book |
| Withdrawn status | Damaged status | Not for loan | Home library | Current library | Date acquired | Total Checkouts | Date last seen | Price effective from | Koha item type |
|---|---|---|---|---|---|---|---|---|---|
| Directory of Open Access Books | Directory of Open Access Books | 11/28/2022 | 11/28/2022 | 11/28/2022 | E-Book |